Czy rozpoznasz prezydentów USA po opisie? - Statystyki

Ogólne statystyki
  • Ten quiz został rozwiązany 373 razy
  • Średni wynik to 11 z 18
Statystyki odpowiedzi
Opis Prezydent % Poprawnych
Pierwszy prezydent Stanów Zjednoczonych. Jerzy Waszyngton
98%
Jedyny czarnoskóry prezydent w historii Stanów Zjednoczonych. Barack Obama
95%
Nowojorski przedsiebiorca i miliarder, pochodzenia niemieckiego. Wystąpił w filmie "Kevin sam w Nowym Yorku". Donald Trump
89%
Był prezydentem w czasie kryzysu atomowego na Kubie. Zginął w zamachu w Dallas. John F. Kennedy
88%
Pierwszy prezydent, wybrany z ramienia Partii Republikańskiej, abolicjonista. Zginął w teatrze. Abraham Lincoln
85%
Prezydent, który podczas wizyty w Polsce, zacytował słowa piosenki "Ściernisko" Golec uOrkiestry. George W. Bush
78%
Był prezydentem w czasie powolnego upadku komunizmu w Europie Środkowo-Wschodniej. Znany z opowiadania kawałów o ZSRR. Ronald Reagan
72%
Prezydent związany z aferą Watergate. Jedyny, który ustąpił ze stanowiska, przed zakończeniem kadencji. Richard Nixon
70%
Wydał rozkaz zrzucenia bomb atomowych na Hiroszimę i Nagasaki. Harry Truman
69%
W czasie II wojny światowej był generałem Armii Amerykańskiej i naczelnym dowódcą sił alianckich (pseudonim "Ike"). Po wojnie był prezydentem przez dwie kadencje. Dwight D. Eisenhower
64%
Jedyny prezydent, który pełnił urząd dłużej, niż przez dwie kadencje. Franklin Delano Roosevelt
63%
Następca prezydenta z poprzedniego pytania. Wydał wobec niego nadzwyczajny akt łaski. Gerald Ford
46%
Prezydent, którego doradcą był Polak - Zbigniew Brzeziński. Jimmy Carter
46%
Na jego cześć nazwano najwyższy szczyt Ameryki Północnej. William McKinley
42%
Był generałem Unii, w czasie Wojny Secesyjnej. Po zakończeniu wojny został prezydentem z ramienia Partii Republikańskiej. Ulysses Grant
34%
Na jego cześć nazwano tamę, znajdującą się niedaleko Las Vegas. Herbert Hoover
33%
Prezydent USA, który otrzymał Order Orła Białego, demokrata. Thomas Woodrow Wilson
25%
Jedyny prezydent Skonfederowanych Stanów Ameryki. Jefferson Davis
11%
Nie znaleziono quizów pasujących do podanych kryteriów
Rozkład punktacji
Procent ludzi z każdym wynikiem
Percentyl według liczby udzielonych odpowiedzi
Twoja historia wyników
Nie rozwiązałeś tego quizu